000 00325 a2200145 4500
001 156072
040 _cEscola São Tomás de Aquino
100 _aSILVEIRA, Bueno
240 1 0 _aSilveira Bueno
_lpor
245 1 0 _aSilveira Bueno
362 0 _a2016
440 1 _aFTD
697 _aDicionário de português
942 _cMATP
999 _c156072
_d156072